Airline-Quiz (Deutschland) - Statistiken

Allgemein
  • Dieses Quiz wurde 55 mal gespielt
  • Das Durchschnittsergebnis liegt bei 6 aus 13
Antwortstatistiken
Hinweis Antwort % Korrekt
Diese Airline hat kürzlich ein rebranding bekommen, und ihre Maschinen werden nun auch "Ringelsocke" genannt. Condor
85%
Diese Airline hat ein Drehkreuz in Wien. Austrian
66%
Diese Airline hat ein Drehkreuz in Zürich Swiss
64%
Diese Airline fiel in den letzten Jahren immer wieder mit exzessiv Lobbyarbeit gegen die deutschen Flugsicherungsgebühren und Flugsteuern auf. Ryanair
60%
Diese Airline hat ein Kleeblatt im Logo. Aer Lingus
55%
Diese Airline ist eine gemeinsame Tochter der Lufthansa und Turkish Airlines. SunExpress
55%
Diese Airline bedient (als einzige Airline) ab Hamburg die Städte Frankfurt und München. Lufthansa
53%
Diese Airline kommt ursprünglich aus Italien und führt als Teil der Lufthansagruppe viele Städteverbindungen ab Deutschland in vorwiegend kleinen Maschinen (z.B. Embraer 195) aus. Air Dolomiti
38%
Die Billigfluggesellschaft von AirFrance & KLM Transavia
36%
Diese Billigairline fliegt von vielen deutschen Städten vor allem Ziele in Skandinavien an. Norwegian
34%
Die neue Business-Class dieser Airline nennt sich "Polaris". United
21%
Die Maschinen dieser Airline werden von Laien aus der ferne oft für Air France gehalten, da sie die selben Farben im Design haben. British Airways
13%
Das Vielfliegerprogramm dieser Airline heißt "LifeMiles". Avianca
2%
Keine übereinstimmenden Quizze gefunden
Verteilung der Resultate
Anzahl Personen mit jedem Resultat
Perzentil nach korrekt beantworteten Fragen
Ihre Resultats-Entwicklung
Sie haben dieses Quiz noch nicht gespielt